000 00319nam a2200121Ia 4500
005 20251222141951.0
008 251222s9999||||xx |||||||||||||| ||spa||
082 _a372.89/R78
100 _aRojas Galarza, Carlos
245 0 _aDidáctica de las Ciencias Histórico-Sociales
264 _bDerrama Magisterial
942 _cLIB
999 _c9696
_d9696